000 01168nam0a22003131 4500
001 v19\rc\1833247
005 20250619141007.0
035 _a(NLR Aleph) 004928391
090 _a5653123
_c5653123
100 _a20071224d1908 |||y0rusy50 ca
101 1 _arus
_cfre
102 _aRU
105 _ay z |||||
200 1 _aДетские игры
_eИсслед. о творч. воображении у детей
_fФр. Кейра (Fréd. Queyrat), проф. философии в Collège de Mauriac
_gПер. Марии Пичета
_gПод ред. и с предисл. И.М. Соловьева
210 _aМосква
_cкн. маг. В.В. Думнова п/ф "Насл. бр. Салаевых"
_d1908
215 _a112 с.
_d22
700 1 _aКейра
_bФ.
_f1858-
_gФредерик
702 1 _aПичета
_bМ.
_gМария
_4730
702 1 _aСоловьев
_bИ.М.
_4340
_4080
801 0 _aRU
_bNLR
_gpsbo
801 0 _aRU
_bRuMoRGB
_2psbo
801 1 _aRU
_bProSoft-M
_2rusmarc
852 _aNLR
_j125/300
852 _aNLR
_bМф
_jК1/2581
899 _aRuMoRGB
_jW 80/240
899 _aБАН
899 _aНБ МГУ
942 _cBOOK
980 _aNB